| 000 | 00913cam a2200217 a 4500 | ||
|---|---|---|---|
| 001 | 000002745 | ||
| 005 | 20200929150241.0 | ||
| 008 | 840329s1983 nyu 001 0 spa | ||
| 020 | _a0910235015 (pbk.) | ||
| 040 |
_aDO-SdBNP _cDLC _dDLC |
||
| 082 |
_a861 _bE79U |
||
| 245 | 0 | 0 |
_aEsta urticante pasión de la pimienta. / _cArnaldo Sepulveda, editor del Junte. |
| 260 |
_aNueva York : _bPrisma Books, _c1983. |
||
| 300 |
_a127 p. ; _c18 cm. |
||
| 440 | 0 |
_aJunte del Taller Literario Rácata _v1 _98646 |
|
| 500 | _aPrograma de Arte y Cultura. Colegio Comunal Eugenio María de Hostos de la Universidad de la Ciudad de Nueva York. | ||
| 500 | _aPatrocinado por el Comitéa asesor del Consejo de Hostos, con fondos del Departamento de Asuntos Culturales de la Ciudad de Nueva York. | ||
| 650 | 0 |
_aPoesía hispanoamericana _98160 |
|
| 700 | 1 |
_aSepulveda, Arnaldo. _eed. _98647 |
|
| 910 | _aCatalogación por copia / LC | ||
| 999 |
_c2579 _d2579 |
||